Book Titles by Antonym - Statistics

General Stats
  • This quiz has been taken 18 times
  • The average score is 6 of 15
Answer Stats
Hint Answer % Correct
To Birth a PraisingFish To Kill A Mockingbird
94%
A Late Winter Morning's Nightmare A Midsummer Night's Dream
78%
Humility and Acceptance Pride and Prejudice
61%
Dawn Twilight
61%
Raisins of Mercy Grapes of Wrath
50%
The Winter You Were Already Ugly The Summer I Turned Pretty
44%
BrainStarter Heartstopper
33%
Where is the Devil? Its You Mark Are You There God? It's Me Margaret
28%
Brain-ful Heartless
28%
The Penalties of being a Socialite The Perks of Being A Wallflower
28%
Neither Live at the Start They Both Die at the End
22%
To None of the Girls I Will Hate To All The Boys I've Loved Before
22%
Green, Black, and Peasantly Orange Red, White, and Royal Blue
17%
Hate and the Same Blanks Love and Other Words
0%
The Kind Popper The Cruel Prince
0%
No matching quizzes found
Score Distribution
Percent of People with Each Score
Percentile by Number Answered
Your Score History
You have not taken this quiz